My Favorite Baby Girl Names, Top 30 - Statistics

General Stats
  • This quiz has been taken 13 times
  • The average score is 7 of 35
Answer Stats
Hint Answer % Correct
I Ivy
78%
G Georgia
56%
L Lucie
56%
I Iris
44%
E Elea
33%
E Elsie
33%
F Faye
33%
M Maisie
33%
M Maya
33%
S Stella
33%
E Elena
22%
K Karla
22%
L Lea
22%
L Lia
22%
M Maeve
22%
S Sage
22%
A Aila
11%
A Amalia
11%
A April
11%
E Elaina
11%
E Enya
11%
F Frida
11%
M Marla
11%
N Niamh
11%
R Rae
11%
R Reese
11%
S Stina
11%
T Thea
11%
A Aisling
0%
A Alina
0%
A Aoife
0%
C Cherish
0%
N Neve
0%
P Presley
0%
S Saoirse
0%
No matching quizzes found
Score Distribution
Percent of People with Each Score
Percentile by Number Answered
Your Score History
You have not taken this quiz